00294nam a2200109Ia 45000010005000000080041000050200022000460820022000681000020000902450044001102600030001542680241024s9999 xx 000 0 und d a978-9945-8830-1-5 aRD/972.9302/M938i aFrank Moya Pons 0aInvasión y Conquista de la Española bEd. Amigo del Hogarc2012